00347nam a22001097a 4500003000400000082001600004245011300020260006000133300001100193546001200204650002100216OSt a630bGOI/RE aReport of the national commission on agriculture 1976:bpart 13 rural employment and special area programmes aNew DelhibMinistry of Agriculture and Irrigationc1976 aix,19p aEnglish arural employment